[Event "Hessen-chB"]
[Site "Marburg"]
[Date "2006.04.13"]
[Round "3.29"]
[White "Siegismund, Bernd"]
[Black "Buerkle, Alois"]
[Result "1-0"]
[WhiteElo "1749"]
[BlackElo "1317"]
[PlyCount "105"]
[EventDate "2006.04.13"]
[EventType "swiss"]
[EventRounds "7"]
[EventCountry "GER"]
[SourceTitle "EXT 2007"]
[Source "ChessBase"]
[SourceDate "2006.11.23"]
[SourceVersion "1"]
[SourceVersionDate "2006.11.23"]
[SourceQuality "1"]

1. e4 e5 2. Nf3 Nc6 3. Nc3 Bc5 4. Nxe5 Nxe5 5. d4 Bxd4 6. Qxd4 d6 7. Be3 Be6 8. 0-0-0 Ne7 9. Bb5+ N7c6 10. Bxc6+ bxc6 11. h3 0-0 12. f4 c5 13. Qa4 Nc4 14. Bxc5 Qb8 15. Ba3 Nxa3 16. Qxa3 a6 17. f5 Bc8 18. Nd5 Re8 19. Qg3 Kh8 20. f6 g6 21. Qf4 g5 22. Qxg5 Rg8 23. Qh6 Rg6 24. Qf8+ Rg8 25. Qxf7 Bb7 26. Qxc7 Bxd5 27. Qxb8 Raxb8 28. Rxd5 Rb4 29. Re1 Rxg2 30. Rxd6 Rb8 31. Red1 Rgg8 32. Rxa6 Rge8 33. Rad6 Kg8 34. Rg1+ Kf8 35. Rg7 Rxe4 36. Rxh7 Rbe8 37. Rh8+ Kf7 38. Rxe8 Rxe8 39. c4 Rh8 40. b4 Rxh3 41. Kc2 Rh4 42. Kb3 Rh3+ 43. Ka4 Rh8 44. Kb5 Rb8+ 45. Rb6 Ra8 46. a4 Re8 47. c5 Ra8 48. a5 Re8 49. a6 Ra8 50. Rb7+ Kxf6 51. a7 Ke6 52. Kb6 Rh8 53. Rb8 1-0

[Event "Kreuzberg 2000"]
[Site "Berlin"]
[Date "2000.07.30"]
[Round "9"]
[White "Siegismund, Bernd"]
[Black "Mylich, Falk"]
[Result "1-0"]
[WhiteElo "1768"]
[BlackElo "1798"]
[PlyCount "21"]
[EventDate "2000.07.??"]
[EventType "swiss"]
[EventRounds "9"]
[EventCountry "GER"]
[SourceTitle "EXT 2001"]
[Source "ChessBase"]
[SourceDate "2000.11.22"]
[SourceVersion "1"]
[SourceVersionDate "2000.11.22"]
[SourceQuality "1"]

1. e4 c5 2. c3 d5 3. exd5 Qxd5 4. Nf3 Bg4 5. Be2 Nf6 6. d4 e6 7. Be3 cxd4 8. Bxd4 Nc6 9. Qa4 Be7 10. Bxf6 0-0-0 11. Bxe7 1-0